000 00359nam a2200145Ia 4500
008 230917s9999||||xx |||||||||||||| ||und||
040 _e40458
_aMAIN
041 _aEnglish
082 _a810.9 M285S
100 _aMaini, Darshan Singh
245 4 _aThe spirit of American literature
260 _aNew Delhi
_bSterling
_c1988
300 _a222 p.
942 _cBK
999 _c63379
_d63379